000 00512nam a2200169 i 4500
001 66144
003 ES-MaACL
005 20230906165543.0
007 t|
008 040128s1968 sp ||||1| spa d
100 1 _aGaddis, Thomas E.
_953186
245 1 3 _aEl hombre de Alcatraz /
_cThomas E. Gaddis ; [traducción, M. Orta Manzano].
260 _a[Barcelona] :
_bCírculo de Lectores,
_c[1968]
300 _a250 p. ;
_c20 cm.
700 1 _aOrta Manzano, Mariano.
_987384
852 _aES-MaACL
_jC-35601
_bR.68744
999 _c66144
_d66144